Loading...
| Fine Arts - Classical Music | 5 | 12.00 | 80% | 40% | 0% |
| Fine Arts - Other Fine Arts | 4 | 15.00 | 100% | 25% | 25% |
| Fine Arts - Visual Fine Arts | 4 | 12.50 | 100% | 0% | 25% |
| History - American History | 9 | 12.22 | 89% | 33% | 0% |
| History - European History | 7 | 12.86 | 100% | 14% | 14% |
| History - Other History | 7 | 11.43 | 100% | 14% | 0% |
| History - World History | 4 | 20.00 | 100% | 75% | 25% |
| Literature - American Literature | 5 | 10.00 | 100% | 0% | 0% |
| Literature - British Literature | 5 | 14.00 | 100% | 40% | 0% |
| Literature - European Literature | 9 | 16.67 | 100% | 44% | 22% |
| Literature - World/Other Literature | 6 | 13.33 | 100% | 33% | 0% |
| Mythology | 5 | 22.00 | 100% | 80% | 40% |
| Philosophy | 6 | 8.33 | 83% | 0% | 0% |
| Religion | 4 | 17.50 | 100% | 75% | 0% |
| Science - Biology | 1 | 10.00 | 100% | 0% | 0% |
| Science - Chemistry | 7 | 10.00 | 86% | 14% | 0% |
| Science - Other Science | 7 | 17.14 | 100% | 43% | 29% |
| Science - Physics | 5 | 12.00 | 100% | 20% | 0% |
| Social Science | 5 | 12.00 | 100% | 20% | 0% |